[Event "Belgrade Spring op"]
[Site "Belgrade"]
[Date "2009.03.27"]
[Round "6"]
[White "Masovic, Slobodanka"]
[Black "Lalic Petric, Stevan"]
[Result "0-1"]
[WhiteElo "1968"]
[BlackElo "1998"]
[PlyCount "73"]
[EventDate "2009.03.21"]
[EventType "swiss"]
[EventRounds "9"]
[EventCountry "YUG"]
[SourceTitle "CBM 129 Extra"]
[Source "ChessBase"]
[SourceDate "2009.05.05"]
[SourceVersion "2"]
[SourceVersionDate "2009.05.20"]
[SourceQuality "1"]

1. e4 e5 2. Nf3 Nc6 3. Bb5 d6 4. 0-0 Nf6 5. Re1 Be7 6. c3 0-0 7. h3 Bd7 8. d4 exd4 9. cxd4 h6 10. Nc3 a6 11. Ba4 b5 12. Bc2 Nb4 13. Bb1 Re8 14. a3 Nc6 15. e5 dxe5 16. dxe5 Nh7 17. Be4 Rb8 18. Bf4 Qc8 19. Nd5 Nf8 20. Rc1 Ne6 21. Bg3 Bd8 22. Nf6+ gxf6 23. Bxc6 Bxc6 24. Rxc6 Rb6 25. Qc1 Rxc6 26. Qxc6 Be7 27. Bh4 Kg7 28. exf6+ Bxf6 29. Bxf6+ Kxf6 30. Nh4 Rg8 31. Qc3+ Ke7 32. Nf5+ Kf8 33. Nxh6 Rg7 34. Nf5 Rg8 35. Nh6 Rg7 36. Ng4 Qa8 37. Qf3 0-1

[Event "Belgrade Spring op"]
[Site "Belgrade"]
[Date "2009.03.21"]
[Round "1"]
[White "Korbovljanovic, Natasa"]
[Black "Lalic Petric, Stevan"]
[Result "0-1"]
[WhiteElo "1737"]
[BlackElo "1998"]
[PlyCount "46"]
[EventDate "2009.03.21"]
[EventType "swiss"]
[EventRounds "9"]
[EventCountry "YUG"]
[SourceTitle "CBM 129 Extra"]
[Source "ChessBase"]
[SourceDate "2009.05.05"]
[SourceVersion "2"]
[SourceVersionDate "2009.05.20"]
[SourceQuality "1"]

1. e4 e5 2. Nf3 Nc6 3. Bb5 d6 4. d4 exd4 5. Nxd4 Bd7 6. Nxc6 bxc6 7. Bc4 Nf6 8. Nc3 Be7 9. Bf4 0-0 10. 0-0 Be6 11. Bxe6 fxe6 12. e5 Nd5 13. Nxd5 cxd5 14. Qg4 Rf5 15. Rae1 Qf8 16. exd6 cxd6 17. Bg3 e5 18. Rd1 Qf7 19. Rxd5 h5 20. Qe4 h4 21. Rxd6 Rf8 22. Bxe5 Bxd6 23. Bxd6 Rxf2 0-1

[Event "Belgrade-chT Quality"]
[Site "Belgrade"]
[Date "2008.11.08"]
[Round "7"]
[White "Lalic Petric, Stevan"]
[Black "Elez, Nikola"]
[Result "0-1"]
[WhiteElo "1998"]
[BlackElo "2077"]
[PlyCount "108"]
[EventDate "2008.11.01"]
[EventType "team-swiss"]
[EventRounds "11"]
[EventCountry "YUG"]
[SourceTitle "CBM 127 Extra"]
[Source "ChessBase"]
[SourceDate "2009.01.08"]
[SourceVersion "2"]
[SourceVersionDate "2009.01.28"]
[SourceQuality "1"]

1. e4 c5 2. Nf3 d6 3. d4 cxd4 4. Nxd4 Nf6 5. Nc3 g6 6. Be2 Bg7 7. 0-0 0-0 8. Kh1 Nc6 9. Nb3 Be6 10. f4 Qc8 11. Bf3 Bc4 12. Re1 Rd8 13. Nd5 e6 14. Nxf6+ Bxf6 15. c3 d5 16. e5 Bg7 17. Nd4 Nxd4 18. Qxd4 b6 19. Be3 Bf8 20. Qd2 Bc5 21. Red1 Rb8 22. Qf2 Bxe3 23. Qxe3 Qc5 24. Rd4 Qf8 25. Qd2 a5 26. Qc2 Ba6 27. a4 Rdc8 28. Be2 Qc5 29. Qd2 Bxe2 30. Qxe2 b5 31. axb5 Rxb5 32. Rda4 Qb6 33. Qe1 Rxb2 34. Rxa5 Qc6 35. Qg3 Qxc3 36. Qxc3 Rxc3 37. R5a4 Rcc2 38. Rg1 Kg7 39. h3 h6 40. Kh2 Re2 41. Ra3 Rbd2 42. h4 d4 43. Ra7 d3 44. Rd7 Re3 45. Rf1 Rc2 46. Rd1 Ree2 47. R7xd3 Rxg2+ 48. Kh3 Rce2 49. Rf1 Rh2+ 50. Kg3 Reg2+ 51. Kf3 h5 52. Rd7 Rg4 53. Ra1 Rhxh4 54. Ra4 g5 0-1